Zákonník práce úplné znenie zákona : právny stav k 1. septembru 2022 a s účinnosťou od 1. januára 2023

Bibliographic Details
Corporate Author: Slovensko (Author)
Format: Book
Language:Slovak
PhysicalDescription:152 strán 21 cm
Published: Šamorín Heuréka 2022
ISBN:9788081731433
Edition:18. vydanie
Series:Zákony (Heuréka)
Subjects:

MARC

LEADER 00000cam a2200000 4500
001 vtls012195127
003 SK-MaSNL
005 20260426002132.0
008 230203s2022 xo e l 000 0 slo
015 |a SNBI2024 
020 |a 9788081731433  |q (brožované) 
040 |a SNK  |b slo  |c SNK  |e rda 
041 0 |a slo 
043 |a e-xo--- 
044 |a xo  |c SK 
072 7 |a 349  |x Pracovné, sociálne, stavebné právo. Právo životného prostredia  |2 konspekt 
080 |a 349.2  |2 2011 
080 |a (437.6)  |2 2011 
080 |a (094.5)  |2 2011 
110 1 |a Slovensko  |4 aut  |9 266955 
240 1 0 |a Zákonník práce (2001, novela 2023) 
245 1 0 |a Zákonník práce  |b úplné znenie zákona : právny stav k 1. septembru 2022 a s účinnosťou od 1. januára 2023 
250 |a 18. vydanie 
264 1 |a Šamorín  |b Heuréka  |c 2022 
300 |a 152 strán  |c 21 cm 
336 |a text  |b txt  |2 rdacontent 
337 |a bez média  |b n  |2 rdamedia 
338 |a zväzok  |b nc  |2 rdacarrier 
490 1 |a Zákony 
504 |a Obsahuje bibliografické odkazy 
650 0 7 |a pracovné právo  |2 SNKPH  |9 982 
650 0 7 |a Labor laws and legislation  |2 SNKPHeng  |9 266962 
651 7 |a Slovensko  |2 SNKPHgeo  |9 14231 
651 7 |a Slovakia  |2 SNKPHeng  |9 92630 
655 7 |a zákony  |2 SNKPH  |9 70186 
655 7 |a Laws  |2 SNKPHeng  |9 266957 
830 0 |a Zákony (Heuréka)  |9 311615 
852 |a Slovenská národná knižnica 
919 |a 978-80-8173-143-3 
954 |a odborná, vedecká literatúra pôvodná (slovenská)  |2 lita 
958 |a NB 
999 |c 910745  |d 912675 
952 |a SNK  |b SNK  |y PREZ  |7 0  |p 17A1527777  |o snkSC 201687  |i snk2023/5931  |8 0  |0 0  |1 0  |4 0  |d 2023-04-13  |f 1  |l 0  |r 2025-10-24 00:00:00  |w 2026-02-24